|
|
|
|
| LEADER |
00000nam0a2200000 4500 |
| 001 |
92728 |
| 005 |
20231031104818.0 |
| 035 |
|
|
|a (RuTPU)RU\TPU\book\99333
|
| 090 |
|
|
|a 92728
|
| 100 |
|
|
|a 20060317d1964 m y0rusy50 ca
|
| 101 |
0 |
|
|a rus
|
| 102 |
|
|
|a RU
|
| 105 |
|
|
|a a z 001zy
|
| 200 |
1 |
|
|a Инфракрасное излучение нагретых тел
|f М. А. Брамсон
|
| 210 |
|
|
|a Москва
|c Наука
|d 1964
|
| 215 |
|
|
|a 223 с.
|c ил.
|
| 320 |
|
|
|a Библиогр. в конце глав
|
| 610 |
1 |
|
|a инфракрасные лучи
|
| 610 |
1 |
|
|a инфракрасное излучение
|
| 610 |
1 |
|
|a тела
|
| 610 |
1 |
|
|a формула Планка
|
| 610 |
1 |
|
|a практическое использование
|
| 610 |
1 |
|
|a теплообмен
|
| 675 |
|
|
|a 621.384.3
|v 3
|
| 700 |
|
1 |
|a Брамсон
|b М. А.
|g Микаэль Абрамович
|
| 801 |
|
1 |
|a RU
|b 63413507
|c 20060317
|g PSBO
|
| 801 |
|
2 |
|a RU
|b 63413507
|c 20060405
|g PSBO
|
| 942 |
|
|
|c BK
|